| 000 | 00791nam a2200253Ia 4500 | ||
|---|---|---|---|
| 003 | OSt | ||
| 005 | 20220925221947.0 | ||
| 006 | a|||||r|||| 00| 0 | ||
| 007 | ta | ||
| 008 | 220923b |||||||| |||| 00| 0 eng d | ||
| 037 | _cGeneral Book | ||
| 040 |
_aRTL _cRTL _beng |
||
| 041 |
_2eng _aeng |
||
| 082 | _aY7:4.315.3B.N6, K7 | ||
| 100 |
_aRex John _919984 |
||
| 245 | 0 |
_aRace, community and conflict _b A study of sparkbrook |
|
| 260 |
_aLondon _bOxford University Press _c1967 |
||
| 300 |
_axvi, 304p _ccm. |
||
| 490 | _aInstitute of Race Relations, Publication. Survey of Race Relations in Britain | ||
| 650 | _aRace | ||
| 700 |
_a Moore Robert _9153098 |
||
| 942 |
_hY7:4.315.3B.N6, K7 _cGB _2CC |
||
| 999 |
_c575757 _d575757 |
||